| 000 | 00382nam a22001337a 4500 | ||
|---|---|---|---|
| 999 |
_c115172 _d115172 |
||
| 005 | 20220113152544.0 | ||
| 008 | 191224b ||||| |||| 00| 0 eng d | ||
| 040 | _cPK-LaUMT | ||
| 082 |
_a346.00264 _bUNR- |
||
| 245 |
_aUnreported Cases [U.C, Vol. II, 1981] _cedited by M. Farani. . .[et al.] |
||
| 260 |
_aLahore: _bNational Law Reporter, _c1981 |
||
| 300 | _a664 p. | ||
| 942 | _cLPJ | ||